000 00547nam a2200229Ia 4500
005 20250425162133.0
008 250425s9999 xx 000 0 und d
020 _a0195173619
041 _aeng
082 _a658.4
100 _aDUTTA, SOUMITRA EDITOR
245 0 _aTHE GLOBAL INFORMATION TECHOLOGY REPORT
250 _aS.E.
260 _aEstados Unidos
_bWORLD ECONOMIC FORUM
_c2004
260 _aNEW YORK
300 _a308
650 _aINFORMACION
650 _aTECNOLOGIA
710 _aINSEAD
942 _c01
010 _a52346
999 _c223052
_d223052